[Event "?"]
[Site "?"]
[Date "1998.??.??"]
[Round "9.3"]
[White "Golyak, I."]
[Black "Klovans, J."]
[Result "1/2-1/2"]
[WhiteElo "2290"]
[BlackElo "2465"]
[PlyCount "35"]
[EventDate "1998.??.??"]

1. e4 d5 2. exd5 Nf6 3. d4 Bg4 4. Be2 Bxe2 5. Qxe2 Qxd5 6. Nf3 Nc6 7. c4 Qf5 8.
O-O O-O-O 9. d5 Nb4 10. Nc3 e6 11. dxe6 fxe6 12. Be3 Nc2 13. Rad1 Rxd1 14. Rxd1
Nxe3 15. Qxe3 Bc5 16. Nd4 Bxd4 17. Qxd4 b6 18. h3 1/2-1/2

[Event "?"]
[Site "?"]
[Date "1998.??.??"]
[Round "9.5"]
[White "Taimanov, M."]
[Black "Zoltek, T."]
[Result "1-0"]
[WhiteElo "2455"]
[BlackElo "2285"]
[PlyCount "91"]
[EventDate "1998.??.??"]

1. Nf3 c5 2. g3 Nc6 3. Bg2 g6 4. O-O Bg7 5. e4 e5 6. d3 Nge7 7. Be3 d6 8. Qd2
h6 9. c3 g5 10. h4 f6 11. d4 b6 12. Na3 O-O 13. Rad1 Bg4 14. dxc5 dxc5 15. Qxd8
Raxd8 16. Rxd8 Rxd8 17. hxg5 hxg5 18. Nd2 Be6 19. Ra1 g4 20. Bf1 Kh7 21. Bc4
Bc8 22. Kg2 Kg6 23. Rh1 Rh8 24. Rxh8 Bxh8 25. Nb5 Bd7 26. Nf1 Bg7 27. Nc7 f5
28. Bd3 Bh6 29. Bxh6 Kxh6 30. exf5 Bxf5 31. Bxf5 Nxf5 32. Nd5 Kg5 33. Nd2 Nd6
34. Kf1 b5 35. b3 a5 36. Ke2 Kf5 37. Ne3+ Kg5 38. Kd3 c4+ 39. bxc4 b4 40. c5
e4+ 41. Nxe4+ Nxe4 42. Kxe4 bxc3 43. Kd3 Nb4+ 44. Kxc3 Nxa2+ 45. Kc4 Nb4 46.
Kb5 1-0

[Event "?"]
[Site "?"]
[Date "1998.??.??"]
[Round "9.6"]
[White "Chernikov, O."]
[Black "Lapienis, D."]
[Result "1/2-1/2"]
[WhiteElo "2405"]
[BlackElo "2305"]
[PlyCount "24"]
[EventDate "1998.??.??"]

1. d4 Nf6 2. Nf3 g6 3. Bg5 Bg7 4. c3 O-O 5. Nbd2 d5 6. e3 Nbd7 7. b4 c6 8. Be2
Re8 9. c4 a5 10. b5 Ne4 11. Nxe4 dxe4 12. Nd2 12... c5 {Rest unleserlich}
1/2-1/2

[Event "?"]
[Site "?"]
[Date "1998.??.??"]
[Round "9.7"]
[White "Winiwarter, F."]
[Black "Semasev, K."]
[Result "1-0"]
[WhiteElo "2200"]
[BlackElo "2275"]
[PlyCount "67"]
[EventDate "1998.??.??"]

1. d4 g6 2. c4 Bg7 3. Nc3 Nf6 4. g3 O-O 5. Bg2 d6 6. Nf3 Nbd7 7. O-O c6 8. e4
e5 9. h3 Qb6 10. c5 dxc5 11. dxe5 Ne8 12. e6 fxe6 13. Ng5 Ne5 14. f4 c4+ 15.
Kh2 Nd3 16. e5 Nc7 17. Qe2 Nd5 18. Be4 Nxc1 19. Raxc1 19... Qd8 { } 20. Nxh7
Rf5 21. Bxf5 gxf5 22. Ng5 Qe7 23. Qh5 Bd7 24. Qg6 b5 25. g4 Qe8 26. Qh7+ Kf8
27. gxf5 exf5 28. Nxd5 cxd5 29. Rce1 Be6 30. Nxe6+ Qxe6 31. Rg1 Qh6 32. Qxf5+
Ke7 33. Rg6 Rf8 34. Qe6+ 1-0

[Event "?"]
[Site "?"]
[Date "1998.??.??"]
[Round "9.9"]
[White "Hocevar, N."]
[Black "Shestoperov, A."]
[Result "1/2-1/2"]
[WhiteElo "2220"]
[BlackElo "2415"]
[PlyCount "113"]
[EventDate "1998.??.??"]

1. c4 g6 2. Nf3 Bg7 3. d4 Nf6 4. Nc3 O-O 5. g3 d6 6. Bg2 Nbd7 7. b3 e5 8. Bb2
Re8 9. O-O c6 10. dxe5 dxe5 11. Rb1 Qc7 12. e3 Nc5 13. b4 Rd8 14. Qe2 Nd3 15.
Ba1 Be6 16. Nd2 a5 17. b5 Bg4 18. Bf3 Bxf3 19. Qxf3 Nc5 20. Rfd1 Ne6 21. Na4
Ng5 22. Qg2 Rac8 23. f4 { } 23... Ng4 24. Nf1 Rxd1 25. Rxd1 exf4 26. gxf4 Nxe3
27. Nxe3 Qxf4 28. Qg3 Bxa1 29. Qxf4 Nh3+ 30. Kf1 Nxf4 31. Rxa1 cxb5 32. cxb5
Re8 33. Ng2 Re4 34. Nc5 Re5 35. Nxb7 Nxg2 36. Kxg2 Rxb5 37. Nd6 Rb2+ 38. Kg3 a4
39. Nc4 Rc2 40. Ne3 Rd2 41. a3 Rd3 42. Kf3 f5 43. Ke2 Rb3 44. h4 Kf7 45. Rc1
Rxa3 46. Rc7+ Ke6 47. Rxh7 f4 48. Nc4 Rc3 49. Nb6 a3 50. Ra7 Kf5 51. Nd5 Rb3
52. Ra4 Rh3 53. Nxf4 Rxh4 54. Kf3 g5 55. Ra5+ Kf6 56. Ra6+ Kf7 57. Ra7+ 1/2-1/2

[Event "?"]
[Site "?"]
[Date "1998.??.??"]
[Round "9.11"]
[White "Arkhangelsky, B."]
[Black "Badestein, H."]
[Result "1-0"]
[WhiteElo "2400"]
[BlackElo "2155"]
[PlyCount "89"]
[EventDate "1998.??.??"]

1. d4 e6 2. Nf3 f5 3. g3 Nf6 4. Bg2 d5 5. O-O Bd6 6. c4 c6 7. b3 Qe7 8. Bb2 O-O
9. Ne5 Bd7 10. Nd2 Be8 11. Ndf3 Nbd7 12. Nd3 Ne4 13. Nfe5 a5 14. a4 Ndf6 15. f3
Ng5 16. Qc1 Nf7 17. Ba3 Nd7 18. Nxd7 Qxd7 19. Bxd6 Qxd6 20. Qc3 Bd7 21. e4 b6
22. Rfe1 Rfe8 23. Re2 Rad8 24. exf5 exf5 25. Rxe8+ Rxe8 26. c5 Qc7 27. f4 Re3
28. Kf2 Re6 29. cxb6 Qxb6 30. Nc5 Re7 31. Re1 Rxe1 32. Qxe1 Qd8 33. b4 axb4 34.
Qxb4 Qe7 35. a5 Nd6 36. a6 Nb5 37. Bf1 Be8 38. Bxb5 cxb5 39. Qa5 Bc6 40. Qb6
Qf6 41. Nd3 h6 42. Ne5 Ba8 43. Qb8+ Kh7 44. Qxa8 Qb6 45. Nf3 1-0

[Event "?"]
[Site "?"]
[Date "1998.??.??"]
[Round "9.13"]
[White "Tscherne, J."]
[Black "Gruzmann, B."]
[Result "1-0"]
[WhiteElo "2025"]
[BlackElo "2260"]
[PlyCount "115"]
[EventDate "1998.??.??"]

1. Nf3 g6 2. d4 Nf6 3. g3 Bg7 4. Bg2 O-O 5. O-O d6 6. b3 c5 7. e3 Nc6 8. Bb2
Bf5 9. a3 Qc8 10. Re1 Bh3 11. Bh1 h6 12. Nbd2 Ng4 13. Bg2 Bxg2 14. Kxg2 f5 15.
h3 Nf6 16. c4 Nh7 17. Qc2 e5 18. dxc5 dxc5 19. Rad1 Qe6 20. Nb1 e4 21. Ng1 Bxb2
22. Qxb2 Ne5 23. Re2 Nd3 24. Qc2 g5 25. Nc3 Nf6 26. Red2 Rad8 27. Nge2 Rd7 28.
Nc1 Nxc1 29. Qxc1 Rg7 30. Rd6 Qe5 31. Ne2 Ne8 32. R6d5 Qe7 33. Qd2 Rff7 34. Rd8
Kh7 35. Qd5 f4 36. Nc3 f3+ 37. Kh2 Nf6 38. Qf5+ Rg6 39. Qc8 Qc7 40. Qf5 Kg7 41.
Nxe4 Nxe4 42. Rg8+ Kxg8 43. Qxg6+ Kf8 44. Qxe4 Kg7 45. Rd5 b6 46. Qd3 Qc8 47.
g4 Qc7+ 48. Kg1 Qe7 49. Rd6 Qf8 50. Qg6+ Kh8 51. Qxh6+ Qxh6 52. Rxh6+ Kg7 53.
Rd6 Rb7 54. a4 a6 55. Kh2 b5 56. axb5 axb5 57. Rd5 bxc4 58. bxc4 1-0

[Event "?"]
[Site "?"]
[Date "1998.??.??"]
[Round "9.14"]
[White "Lainburg, V."]
[Black "Bernhoeft, E."]
[Result "1-0"]
[WhiteElo "2230"]
[BlackElo "2115"]
[PlyCount "111"]
[EventDate "1998.??.??"]

1. d4 g6 2. c4 Bg7 3. Nc3 d6 4. e4 Nf6 5. f4 O-O 6. Nf3 c6 7. Be2 Nbd7 8. e5
dxe5 9. dxe5 Ne8 10. Be3 Nc7 11. Qc2 Nb6 12. Rd1 Bf5 13. Qb3 Qc8 14. O-O Rd8
15. Rxd8+ Qxd8 16. Bxb6 axb6 17. Qxb6 Qb8 18. Rd1 Ra6 19. Qe3 b5 20. cxb5 cxb5
21. a3 Bf8 22. Nd4 Bd7 23. Nc2 Bf5 24. Nb4 Qb6 25. Qxb6 Rxb6 26. Ncd5 Nxd5 27.
Rxd5 Bh6 28. g4 Be6 29. g5 Bxg5 30. Rd8+ Kg7 31. fxg5 h6 32. h4 hxg5 33. hxg5
Bb3 34. Rd3 Be6 35. Rc3 Rb7 36. Rc5 Rd7 37. Kf2 Rd2 38. Rc2 Rd4 39. Ke3 Rh4 40.
Bxb5 Rg4 41. Nd3 Rxg5 42. a4 f5 43. a5 Bd5 44. Bc6 Rg3+ 45. Kd4 Bb3 46. Rg2 Rh3
47. Rxg6+ Kf7 48. Rg2 Rh4+ 49. Kc5 Rc4+ 50. Kb6 Ke6 51. Bb5 Rd4 52. Nc5+ Kxe5
53. Nxb3 Rd6+ 54. Bc6 f4 55. a6 Kf5 56. a7 1-0

[Event "?"]
[Site "?"]
[Date "1998.??.??"]
[Round "9.15"]
[White "Secula, V."]
[Black "Reichenbach, W."]
[Result "0-1"]
[WhiteElo "2080"]
[BlackElo "2280"]
[PlyCount "114"]
[EventDate "1998.??.??"]

1. d4 Nf6 2. Nf3 e6 3. Bf4 c5 4. c3 cxd4 5. cxd4 Qb6 6. Qb3 Qxb3 7. axb3 Nc6 8.
Nc3 Bb4 9. Bd2 b6 10. e3 Bb7 11. Bd3 O-O 12. O-O d5 13. Ra4 Be7 14. Nb5 Rfc8
15. Raa1 a6 16. Na3 Bd6 17. Rfc1 Kf8 18. Rc2 Nb4 19. Bxb4 Bxb4 20. Rac1 Rxc2
21. Rxc2 Bd6 22. Nb1 h6 23. Nc3 b5 24. h3 Ke7 25. Kf1 Rb8 26. Ke2 Ne4 27. Nd2
f5 28. f3 Nxd2 29. Kxd2 Rf8 30. Ke2 g5 31. Rc1 Bb8 32. Na2 Bd6 33. Nc3 Kd7 34.
Nd1 f4 35. Ra1 Bc7 36. e4 Bb6 37. exd5 exd5 38. Kd2 Bxd4 39. b4 Kd6 40. Nc3 Re8
41. Kc2 Rc8 42. Kb3 Rd8 43. Rd1 Ke5 44. Rd2 Be3 45. Rd1 Rg8 46. Re1 h5 47. Rh1
Rh8 48. Kc2 Rh6 49. Kb3 Bc8 50. Kc2 Be6 51. Ra1 Bf7 52. Rh1 Rc6 53. Kb1 Bd2 54.
Na2 Kd4 55. Bc2 Ke3 56. b3 Kf2 57. Rd1 Be3 0-1

[Event "?"]
[Site "?"]
[Date "1998.??.??"]
[Round "9.17"]
[White "Scheipl, R."]
[Black "Doehner, H."]
[Result "1-0"]
[WhiteElo "2270"]
[BlackElo "2058"]
[PlyCount "77"]
[EventDate "1998.??.??"]

1. c4 e5 2. Nc3 Nc6 3. g3 Nf6 4. Bg2 g6 5. Nf3 Bg7 6. d4 exd4 7. Nxd4 O-O 8.
Nxc6 bxc6 9. O-O Bb7 10. Qb3 Qc8 11. e4 Re8 12. Re1 d6 13. Be3 a6 14. c5 Rb8
15. Qa4 Qe6 16. Rad1 Nd7 17. cxd6 cxd6 18. Bd4 Bf8 19. Ne2 c5 20. Nf4 Qe7 21.
Bc3 Nb6 22. Qc2 Bg7 23. Bxg7 Kxg7 24. Qc3+ f6 25. h4 Bc6 26. b3 Rbd8 27. Kh2
Qb7 28. h5 Re5 29. f3 gxh5 30. Bh3 Kf7 31. Bf5 Kg8 32. Nxh5 Qf7 33. g4 Bb7 34.
f4 Rxf5 35. exf5 Bc8 36. Nxf6+ Kf8 37. Ne8 d5 38. Qh8+ Qg8 39. Qf6+ 1-0

[Event "?"]
[Site "?"]
[Date "1998.??.??"]
[Round "9.19"]
[White "Jugow, A."]
[Black "Sondors, P."]
[Result "1-0"]
[WhiteElo "2265"]
[BlackElo "2042"]
[PlyCount "120"]
[EventDate "1998.??.??"]

1. d4 Nf6 2. c4 e6 3. Nc3 Bb4 4. e3 Bxc3+ 5. bxc3 O-O 6. Bd3 d6 7. e4 e5 8. Ne2
c5 9. d5 Bg4 10. f3 Bd7 11. Rb1 b6 12. O-O Qe7 13. Qe1 Ba4 14. Ng3 Ne8 15. Nf5
Qd7 16. f4 f6 17. Qg3 Kh8 18. Rb2 g6 19. Nh6 Qe7 20. fxe5 dxe5 21. Rbf2 Nd7 22.
h4 Nd6 23. Qh3 Rae8 24. g4 Qg7 25. g5 fxg5 26. Bxg5 Rxf2 27. Rxf2 Rf8 28. Qe6
Rxf2 29. Kxf2 Qf8+ 30. Ke1 Kg7 31. Ng4 Nf7 32. Be7 Qe8 33. Ne3 Nd8 34. Bxd8
Qxd8 35. Qg4 35... Qf6 { } 36. Bc2 h5 37. Qh3 Bxc2 38. Qxd7+ Kh6 39. Nxc2 Qxh4+
40. Kd2 Qxe4 41. Ne3 Qf4 42. Qh3 Qf2+ 43. Kd3 Qxa2 44. d6 Qb1+ 45. Kd2 Qa2+ 46.
Nc2 Qxc4 47. Qe3+ Kh7 48. Qxe5 Qf7 49. Ne3 Qa2+ 50. Kd3 Qa6+ 51. c4 Qa4 52.
Qe7+ Kh6 53. d7 Qb3+ 54. Ke4 Qb1+ 55. Kf4 Qg1 56. d8=Q Qh2+ 57. Ke4 Qh1+ 58.
Kd3 Qb1+ 59. Ke2 Qb2+ 60. Qd2 Qxd2+ 1-0

[Event "?"]
[Site "?"]
[Date "1998.??.??"]
[Round "9.20"]
[White "Beszterczey, L."]
[Black "Cafferty, B."]
[Result "1/2-1/2"]
[WhiteElo "2115"]
[BlackElo "2240"]
[PlyCount "55"]
[EventDate "1998.??.??"]

1. g3 Nf6 2. Bg2 d5 3. d3 c6 4. Nd2 Na6 5. Ngf3 Nc5 6. O-O Bg4 7. h3 Bh5 8. a4
a5 9. b3 e6 10. Bb2 Be7 11. Qe1 O-O 12. g4 Bg6 13. Ne5 Nfd7 14. Nxg6 hxg6 15.
e4 Re8 16. Qe2 Qc7 17. Nf3 Bf8 18. Rfe1 dxe4 19. dxe4 e5 20. Qc4 Ne6 21. Rad1
f6 22. g5 Nb6 23. Qf1 Bb4 24. c3 Be7 25. h4 Nf4 26. Bc1 Rad8 27. Be3 Rxd1 28.
Rxd1 1/2-1/2

[Event "?"]
[Site "?"]
[Date "1998.??.??"]
[Round "9.21"]
[White "Somogyi, I."]
[Black "Titz, H."]
[Result "1-0"]
[WhiteElo "2230"]
[BlackElo "2022"]
[PlyCount "135"]
[EventDate "1998.??.??"]

1. d4 d5 2. c4 e6 3. Nc3 Nf6 4. Bg5 Be7 5. e3 O-O 6. Nf3 h6 7. Bh4 b6 8. cxd5
exd5 9. Be2 Be6 10. O-O c5 11. Ne5 Nfd7 12. Nxd7 Qxd7 13. Bxe7 Qxe7 14. dxc5
Qxc5 15. Rc1 Qa5 16. a3 a6 17. Bf3 Ra7 18. Ne2 Nd7 19. Nd4 Ne5 20. Be2 Bd7 21.
f4 Ng6 22. Qd3 b5 23. Rc5 Ne7 24. Bf3 Qb6 25. b4 Qd6 26. Nb3 Rd8 27. Rd1 Bc6
28. g3 Rad7 29. Bg4 Rc7 30. Rdc1 Ra7 31. Qd4 f5 32. Bf3 Rad7 33. Qc3 Bb7 34.
Nd4 g6 35. Rc7 Kf7 36. h4 h5 37. Bg2 Kf8 38. Rxd7 Rxd7 39. Qc5 Nc8 40. Qc3 Nb6
41. Nf3 Nc4 42. Ng5 d4 43. exd4 Bxg2 44. Kxg2 Re7 45. Re1 Qc6+ 46. Kh2 Qe8 47.
Rxe7 Qxe7 48. d5 Qe2+ 49. Kg1 Qd1+ 50. Kf2 Qxd5 51. Qf6+ Ke8 52. Qxg6+ Kd7 53.
Qg7+ Kc6 54. Qc3 Kb6 55. Nf3 Nd6 56. Qd4+ Qxd4+ 57. Nxd4 Kc7 58. Ke2 Kd7 59.
Kd3 Ke7 60. Nc6+ Ke6 61. Nb8 Nc4 62. Kd4 Kd6 63. a4 Na3 64. a5 Nc2+ 65. Kc3 Ne1
66. Nxa6 Nf3 67. Nc5 Kc7 68. Ne6+ 1-0

[Event "?"]
[Site "?"]
[Date "1998.??.??"]
[Round "9.22"]
[White "Reer, E."]
[Black "Samuelsson, S."]
[Result "1/2-1/2"]
[WhiteElo "2029"]
[BlackElo "2230"]
[PlyCount "190"]
[EventDate "1998.??.??"]

1. e4 c6 2. d4 d5 3. exd5 cxd5 4. c4 Nf6 5. Nf3 e6 6. c5 Be7 7. Bb5+ Bd7 8.
Bxd7+ Nbxd7 9. O-O a5 10. Nc3 O-O 11. Be3 Rc8 12. a3 b6 13. b4 Ng4 14. h3 Nxe3
15. fxe3 f5 16. Qe2 Bf6 17. Rac1 axb4 18. axb4 g5 19. Nh2 Qe7 20. Nb5 bxc5 21.
bxc5 Ra8 22. Rc2 Kh8 23. Rfc1 Rg8 24. Nd6 Kg7 25. Qf3 Ra3 26. Nb5 Ra5 27. Qe2
h5 28. Ra2 Rxa2 29. Qxa2 g4 30. hxg4 hxg4 31. Qa7 Rb8 32. c6 Rxb5 33. c7 Nb6
34. Qxb6 Rxb6 35. c8=Q Rb7 36. Nf1 Bg5 37. Rc6 Rd7 38. Qa6 Kf7 39. Rc8 Ra7 40.
Qc6 Rd7 41. Kf2 Qd6 42. Qa8 Rd8 43. Rxd8 Qxd8 44. Qxd8 Bxd8 45. Ke2 Ba5 46. Ng3
Kg6 47. Kd3 Kg5 48. Ne2 Bc7 49. g3 Ba5 50. Nf4 Kf6 51. Ne2 Be1 52. Kc2 Ke7 53.
Kd1 Ba5 54. Nf4 Kd6 55. Ke2 e5 56. dxe5+ Kxe5 57. Nd3+ Kd6 58. Nf4 Bc3 59. Kf2
Be5 60. Nd3 Bf6 61. Nf4 Kc5 62. Nd3+ Kc4 63. Nf4 d4 64. exd4 Kxd4 65. Kg2 Ke4
66. Ne6 Ke3 67. Nf4 Be5 68. Ne6 Ke2 69. Nc5 Ke3 70. Ne6 Ke4 71. Nc5+ Kd4 72.
Nb3+ Kc3 73. Nc5 Kc4 74. Nd7 Kd5 75. Nb6+ Kc5 76. Nd7+ Kd6 77. Nb6 Kc6 78. Nc4
Bd4 79. Nd2 Kd5 80. Nf1 Ke4 81. Nh2 Ke3 82. Nf1+ Ke2 83. Nh2 Be5 84. Nf1 Kd3
85. Nh2 Ke2 86. Nf1 Bd4 87. Nh2 Ke1 88. Nf1 Bc5 89. Nh2 Bf2 90. Nf1 Bxg3 91.
Nxg3 f4 92. Nh1 Ke2 93. Nf2 g3 94. Nh3 Ke3 95. Nxf4 Kxf4 1/2-1/2

[Event "?"]
[Site "?"]
[Date "1998.??.??"]
[Round "9.23"]
[White "Ljuboshitz, A."]
[Black "Schueler, W."]
[Result "1/2-1/2"]
[WhiteElo "2210"]
[BlackElo "2021"]
[PlyCount "83"]
[EventDate "1998.??.??"]

1. e4 e5 2. Nf3 Nc6 3. Bc4 Bc5 4. c3 Nf6 5. d3 d6 6. O-O O-O 7. h3 h6 8. d4 Bb6
9. d5 Ne7 10. Bd3 c6 11. c4 c5 12. Nc3 Ba5 13. Bd2 Ng6 14. Rc1 Ne8 15. Qe2 Qf6
16. a3 Nf4 17. Bxf4 Qxf4 18. g3 Qf6 19. Kh2 g5 20. Ng1 Bxc3 21. Rxc3 Qg6 22. f4
f6 23. b4 b6 24. f5 Qf7 25. Nf3 Ng7 26. Nd2 Qc7 27. Rb1 Bd7 28. Rcb3 Rfb8 29.
R3b2 a5 30. b5 Be8 31. Kg2 h5 32. Nf3 Bf7 33. Qe3 Kh7 34. Rf2 Rg8 35. h4 g4 36.
Ng5+ fxg5 37. hxg5 Ne8 38. g6+ Bxg6 39. fxg6+ Rxg6 40. Rbf1 Ra7 41. Rf8 Qe7 42.
Qg1 1/2-1/2

[Event "?"]
[Site "?"]
[Date "1998.??.??"]
[Round "9.24"]
[White "Dryzek, T."]
[Black "Mayers, D."]
[Result "1/2-1/2"]
[WhiteElo "2015"]
[BlackElo "2190"]
[PlyCount "205"]
[EventDate "1998.??.??"]

1. e4 e6 2. d4 d5 3. Nc3 Nf6 4. Bg5 Bb4 5. e5 h6 6. Bd2 Bxc3 7. bxc3 Ne4 8. Qg4
g6 9. Bc1 Nxc3 10. Bd3 c5 11. dxc5 Nc6 12. Nf3 Qa5 13. O-O Qa4 14. Qh3 Bd7 15.
Bd2 Ne4 16. Qh4 Ne7 17. Rfd1 Nf5 18. Qh3 Nxd2 19. Nxd2 Qf4 20. Bxf5 gxf5 21.
Qe3 Qxe3 22. fxe3 Bc6 23. Nf3 Rg8 24. Nd4 Kd7 25. h3 Rg3 26. Kf2 Rag8 27. Rg1
R3g5 28. a4 h5 29. a5 a6 30. Rab1 Rb8 31. Rb6 Rgg8 32. Rgb1 Rgc8 33. Kf3 f6 34.
Kf4 fxe5+ 35. Kxe5 Bb5 36. Rd6+ Ke8 37. Rxe6+ Kf7 38. Nxb5 axb5 39. Rf1 Rxc5
40. Rxf5+ Kg7 41. Rg5+ Kh7 42. Rxh5+ Kg7 43. Rg5+ Kh7 44. Kf4 Rc4+ 45. Kg3 Rxc2
46. Rh5+ Kg7 47. Rxd5 Kf7 48. Re4 Rg8+ 49. Rg4 Rxg4+ 50. hxg4 b4 51. Rb5 Ra2
52. Rxb4 Rxa5 53. Rxb7+ Kg6 54. Kf4 Ra2 55. Rb6+ Kf7 56. Kf3 Ra5 57. g3 Ra1 58.
g5 Rf1+ 59. Kg4 Re1 60. Rf6+ Kg7 61. Kf3 Rf1+ 62. Ke2 Rg1 63. Kf2 Ra1 64. Kf3
Ra5 65. Kf4 Ra1 66. e4 Rf1+ 67. Ke5 Rg1 68. Rf3 Kg6 69. Kf4 Ra1 70. Re3 Rf1+
71. Kg4 Ra1 72. Rf3 Ra5 73. Rf6+ Kg7 74. Kf4 Ra4 75. Kf5 Ra3 76. Kf4 Ra4 77.
Rb6 Ra1 78. Kg4 Re1 79. Re6 Kf7 80. Kf5 Rf1+ 81. Ke5 Rg1 82. Rf6+ Kg7 83. Kf4
Rf1+ 84. Kg4 Re1 85. Kf3 Rf1+ 86. Ke2 Ra1 87. e5 Ra5 88. Rf5 Kg6 89. g4 Ra4 90.
Kf3 Ra3+ 91. Kg2 Ra2+ 92. Kh3 Ra3+ 93. Kh4 Re3 94. Rf6+ Kg7 95. e6 Ra3 96. Rf7+
Kg6 97. Rb7 Re3 98. Rb6 Re1 99. e7+ Kf7 100. Kg3 Rxe7 101. Kf4 Kg7 102. g6 Ra7
103. Kg5 {Remis im 126. Zug} 1/2-1/2

[Event "?"]
[Site "?"]
[Date "1998.??.??"]
[Round "9.82"]
[White "Luneau, G."]
[Black "Schneider, K."]
[Result "1-0"]
[WhiteElo "1770"]
[BlackElo "1666"]
[PlyCount "69"]
[EventDate "1998.??.??"]

1. c4 c6 2. Nc3 d5 3. cxd5 cxd5 4. d4 Nf6 5. Nf3 e6 6. Bg5 Be7 7. e3 O-O 8. Bd3
Nc6 9. a3 h6 10. Bh4 a6 11. O-O b5 12. b4 Bb7 13. Rc1 Rc8 14. Bb1 Nb8 15. Qd3
Nbd7 16. Ne5 Ne4 17. Bxe7 Qxe7 18. f3 Nef6 19. Ne2 Rfd8 20. Nf4 Nf8 21. Rc5
Rxc5 22. bxc5 N6d7 23. Nxd7 Rxd7 24. Rc1 Bc6 25. Qc3 Qd8 26. Nd3 Qc8 27. Qa5
Ra7 28. Qb6 Qc7 29. Ne5 Be8 30. e4 Nd7 31. Qd6 Nb8 32. exd5 exd5 33. Qxd5 Nc6
34. Qe4 g6 35. Nxg6 1-0